00563nam a22001457a 450000500170000000800410001702000150005804100130007308200150008610000580010124501650015926000470032430000200037165000260039120231116075813.0231116b |||||||| |||| 00| 0 eng d a0702146706 aEnglish  a344.1 LAN  aLandman, AA ; Van Niekerk, A and Wesley, M lEnglish  aPractice in the Labour Courts : bPractice and Procedure in the Labour Court and Labour Appeal Court of South Africa / cAA Landman, A van Niekerk and M Wesley  aCape Town : bJuta and Company Ltd, c1998 bxxxi, c26 cm.  aLegal practice bLaw